00254nam a2200109Ia 4500008004100000100001200041245003300053260002200086650001200108942000700120999001700127190216s9999||||xx |||||||||||||| ||und|| aSimon W 0aFrench Liberalisam 1789-1848 bJohn Wiley & Sons aHistory cBK c20037d20037